Delfines, sexo y utopías : doce ensayos para sacar la filosofía a la calle /

Compendio de doce ensayos filosóficos, cuyos contenidos se agrupan en dos vertientes: las dificultades surgidas al tratar de teorizar, algunas intemporales e inevitables y otras relativas a contextos concretos, por un lado; por el otro, asuntos respecto de los cuales, según la autora, la filosofía e...

Descripció completa

Guardat en:
Dades bibliogràfiques
Autor principal: Midgley, Mary (autor)
Format: Llibre
Idioma:espanyol
Publicat: México : Madrid, España : Fondo de Cultura Económica ; Turner, 2002, c2002
Col·lecció:(Noema ; 13)
Matèries:
Etiquetes: Afegir etiqueta
Sense etiquetes, Sigues el primer a etiquetar aquest registre!

MARC

LEADER 00000nam^a2200000^a^4500
001 000156419
005 20250718101602.0
009 20260310100504.433
020 |a 968-16-6641-0 
020 |a 84-7506-534-1 
037 |a Acervo ITESO - Biblioteca 
041 |a ESP 
082 |a 192.  |b MID 
100 |a Midgley, Mary  |e (autor) 
245 1 0 |a Delfines, sexo y utopías :  |b doce ensayos para sacar la filosofía a la calle /  |c M. Midgley ; tr. por Jesús Izquierdo. 
264 4 |a México :  |b Fondo de Cultura Económica ;  |a Madrid, España :  |b Turner,  |c 2002, c2002 
300 |a 222 p. 
336 |a texto  |b txt  |2 rdacontenido 
337 |a sin mediación  |b n  |2 rdamedio 
338 |a volumen  |b nc  |2 rdasoporte 
440 1 |a (Noema ;  |v 13) 
500 |a Traducción de: Utopias, Dolphins and Computers. Problems of Philosophical Plumbing 
520 |a Compendio de doce ensayos filosóficos, cuyos contenidos se agrupan en dos vertientes: las dificultades surgidas al tratar de teorizar, algunas intemporales e inevitables y otras relativas a contextos concretos, por un lado; por el otro, asuntos respecto de los cuales, según la autora, la filosofía está relegada, aunque pueda ser de gran ayuda, como la situación de las mujeres y el estado del medio ambiente, la pluralidad de las culturas y el significado de la inteligencia artificial. Así, los primeros textos son reflexiones sobre el quehacer de la filosofía, en tanto los segundos están centrados en aspectos externos, en el estado que presentan aquellos temas concretos. La intersección entre unos y otros deviene en una defensa del pensamiento filosófico y de la necesidad de incorporarlo a los debates más importantes de fines del siglo XX. 
649 |a XX 
650 |a Identidad de Género 
650 |a Sexualidad 
650 |a Feminismo 
650 |a Conservación y Protección Ambiental 
650 |a Desarrollo Sustentable 
650 |a Inteligencia Artificial 
650 |a Creatividad 
650 |a Filosofía -  |x Teoría 
650 |a Filosofía del Siglo XX -  |x Tema Principal 
650 |a Filosofía -  |z Inglaterra 
910 |a Fondo General 
920 |a Impresos - Libros 
930 |a Colección General 
905 |a 101 
901 |a 0500084279  |b IT1  |c ACC  |u 20250521 
902 |a https://opac.biblio.iteso.mx/vufind/Record/000156419